Quizzes
Events
Quiz Creation
Community
Videos
Private Events
Remove Ads
Sign In
Join for FREE
Feedback
Dark Mode
Quiz Categories
Sports
Geography
Music
Movies
Television
Just For Fun
Miscellaneous
History
Literature
Language
Science
Gaming
Entertainment
Religion
Holiday
For Kids
Quiz Lab
Recent
Popular Today
Quiz Kudos Today
Editor Picks
Curator Picks
Quizzes by...
Day
Popularity
Type
Ratings
Length
Year
Community
Subscriptions
Recent Discussions
Orange Saloon
Badges
Playlists
Quests
Create
Leaderboards
Showdown
Live 5
Trivia Bingo
Activity
Puzzle Library
Sporcle Events
Private Events
Virtual Trivia
Globe League
Become a Host
Pub Owners
SporcleCon
Opinionation
Our Games
Videos
Blog
Mobile Apps
Partnerships
Remove Ads and Go Orange
Feedback
Sports
Athletes
MLB
NBA
NHL
NFL
Soccer
Sports Teams
WWE
NCAA
Football
Premier League
Basketball
Baseball
Hockey
Golf
Tennis
Cricket
Rugby
Auto Racing
Olympics
World Cup
Sports
Athletes
MLB
NBA
NHL
NFL
Soccer
Sports Teams
WWE
NCAA
Football
Premier League
Basketball
Baseball
Hockey
Golf
Tennis
Cricket
Rugby
Auto Racing
Olympics
World Cup
Random Quiz
Search Sporcle
×
Quiz Lab
Quiz Lab
Sports
Championship
Type in answers that appear in a list
Type in answers that appear in a list
Classic
Best Score? Go Orange.
County Championship Div1 Wickets 2010 Stats
Can you name the County Championship Div1 Wickets 2010?
By
Bastie
6m
30 Questions
75 Plays
75 Plays
75 Plays
Comments
Comments
Give Quiz Kudos
Give Quiz Kudos
-
- Ratings
hide this ad
Replay
Link that replays current quiz
Next Quiz
Link to next quiz in quiz playlist
You Got
0%
They Got
Avg Score
28%
Avg Friend Score
Upgrade to see
Score Distribution
Jump to the score distribution portion of the page
Score
0/30
Timer
06:00
0
Plays Today
Wickets
Bowler
% Correct
57
Rashid
50.7%
54
Woakes
42.7%
34
Shahzad
42.7%
32
Smith
42.7%
68
Adams
41.3%
52
Chapple
41.3%
33
Mahmood
40%
49
Thomas
38.7%
35
Plunkett
38.7%
31
Pattinson
36%
31
Keedy
32%
37
Tredwell
30.7%
53
Masters
29.3%
45
Cork
28%
58
Willoughby
26.7%
Wickets
Bowler
% Correct
43
Blackwell
26.7%
38
Khan
25.3%
45
Patterson
24%
45
Kartik
24%
31
Wright
24%
56
Tahir
22.7%
32
Clarke
20%
41
Franks
18.7%
32
Briggs
17.3%
51
Carter
14.7%
34
Cook
14.7%
34
Hannon-Dalby
14.7%
46
Tomlinson
13.3%
35
Claydon
9.3%
32
Chambers
9.3%
Quiz Playlist
Details
Report
Send in Message
Add To Playlist
Classic:
Type in answers that appear in a list
Last Updated: Feb 16, 2017
Quiz Scoreboard
CHALLENGE
Sign Up to Join the Scoreboard
Show All
Scores
Hide
Comments
May contain spoilers
Recently Published
An Introduction to Baseball
by treessimontrees
Sports
5m
Movies - When Are They Set?
by FPL_Elf
Movies
5m
Popular People in 1961
by mucciniale
History
6m
More to Explore
Quiz From the Vault
Featured Blog Post
Where Did the Easter Bunny Come From?
hide this ad
You Might Also Like...
Tags
2010
Bowler
Championship
counties
Division I
Wicket
Today's Top Quizzes in Sports
Browse Sports
hide this ad
Today's Top Quizzes in Championship
Browse Championship
Top Contributed Quizzes in Sports
1
Les meilleurs buteurs des matchs entre le PSG et l’OM
2
2022 World Cup Stars
3
FIFA Club World Cup Champions
4
Les entraîneurs de l'OM et du PSG au 21e siècle
5
Name the Premier League winners with different clubs
6
La finale Lions - Afrique du Sud 2021
7
England Test cricketers to play under Nasser Hussain
8
5-to-1: UK Sports Teams
9
Les joueurs passés par le LOSC et le RC Lens
10
Criteria MLB: Left Handed Sluggers
Explore More
Trending Topics
Crossword
NBA
Disney
Kpop
Marvel
Anime
Harry Potter
Pokémon
Puzzle
The Office
WWE
Country
Soccer
NFL
Song
hide this ad
More By:
Bastie
Quiz
Plays
Rating
Category
Featured
Created
Newcastle Premier League Top Goalscorers
186
Sports
Sep 26, 2010
County Championship Div1 Wickets 2010
75
4.33
Sports
Sep 19, 2010
Ex- Newcastle players in the top 2 divisions
46
Sports
Mar 15, 2012
County Championship Division 1 Runs 2010
34
Sports
Sep 19, 2010
Go to Creator's Profile
Score Distribution
Quiz Creator Spotlight
Bastie
Follow
Send a Message
Quizzes Created
-
Created Quiz Play Count
-
More By This Creator
Popular Quizzes Today
1
Find the Countries of Europe - No Outlines Minefield
2
Find the US States - No Outlines Minefield
3
The Countries of the World
4
Popular People in 1961
5
Find the US States
6
US States
7
1-10 Letter E Words III
8
Risky Map Clicking: Biggest States A-Z
More Sports Quizzes
Les buteurs à -18 ans en Ligue 1 au 21e
Quiz Lab
Trending Quizzes
Risky Map Clicking: Least Populous States A-Z
1-10 Letter F Words
1-10 Letter G Words
One Thing in Common: United Kingdom
Risky Map Clicking: Next State Alphabetically
Recently Updated
Leaping Animals
pecheneg
Reality TV Shows (A-Z)
bhenderson79
Rickey Henderson's Hall of Fame Teammates
pecheneg
Champions League XIs: Arsenal
pecheneg
Quick Pick: Celebrities in WWE's Hall of Fame
aduchscher
A-Z Keypad Blitz II
pecheneg
Multiple Oscar Actors
pecheneg
Mystery Phrase Blitz: Oscar 'Best Actors'
pecheneg
F. Scott Fitzgerald Novels
LTH
Pick 3 Villains
ddd62291
Trending Topics
Anime
Crossword
Marvel
Kpop
Disney
NBA
Harry Potter
NFL
Pokémon
Soccer
Country
Song
Puzzle
WWE
The Office
Your Account Isn't Verified!
In order to create a playlist on Sporcle, you need to verify the email address you used during registration. Go to your
Sporcle Settings
to finish the process.
Report this User
Report this user for behavior that violates our
Community Guidelines
.
Details:
Send Report
Go to the Sporcle.com Mobile Site →
Comments